LDR 00764naa#a2200169#i#450# 001 EN\\bibl\119753 005 20260425125826.6 011 ## _a2308-8877 100 ## _a20260406b2026####ek#y0engy0150####ca 102 ## _aRU 200 1# _aMETHODOLOGICAL APPROACHES TO THE DEVELOPMENT OF HUMAN CAPITAL IN AGRO-INDUSTRIAL TERRITORIES: THE SYNERGY OF HUMAN CAPITAL AND INCLUSIVE GROWTH _eJournal article 210 1# _aVoronezh _cFSBE Institution of Higher Education Voronezh State University of Forestry and Technologies named after G.F. Morozov _d2026 215 ## _a15 с. 608 ## _aJournal article _2local 675 ## _aЭкономика. Народное хозяйство. Экономические науки. 33 _z 700 #1 _aGerasimov _gVladislav Olegovich 856 4# _aanni.editorum.ru _u